000
00310nam a2200133Ia 4500
008
191201s2013 xx 000 0 und d
100
_a
SADHU ,Singh
245
0
_a
Strength of Materials
250
_a
Rep
260
_c
2013
_b
Khanna Publisher
_a
New Delhi
300
_a
1210
650
_a
CIVIL
942
_2
ddc
_c
BB
999
_c
7604
_d
7604